Mauritius Country Quiz - Statistics

General Stats
  • This quiz has been taken 12 times
  • The average score is 5 of 13
Answer Stats
Hint Answer % Correct
Former Part of United Kingdom
100%
Number of Main Political Parties 3
83%
Independent Since 1968
75%
Number of Prime Ministers 5
67%
Main Religion Hinduism
58%
Capital Port Louis
58%
Main Ally India
25%
Current Prime Minister Navin Ramgoolam
8%
Form of Government Parliamentary Republic
8%
Main Export Seafood
8%
Number of islands 50
0%
Main Language French Creole
0%
Currency Mauritanian Rupee
0%
No matching quizzes found
Score Distribution
Percent of People with Each Score
Percentile by Number Answered
Your Score History
You have not taken this quiz